Mzda a trh práce.
Faktory, ktoré pôsobia na mzdový vývoj v trhových podmienkach. Princíp samofinancovania ako prirodzený regulátor spotreby miezd v podnikoch. Predpoklady pre zvýšenie nákladových miezd. Zámer regulačných odvodov, ich pôsobenie v smere zabránenia neúmerného rastu mzdových prostriedkov.
Salvato in:
| Autore principale: | |
|---|---|
| Natura: | Capitolo di libro |
| Lingua: | ceco |
| Soggetti: | |
| Tags: |
Nessun Tag, puoi essere il primo ad aggiungerne!!
|
MARC
| LEADER | 00000naa a2200000 4500 | ||
|---|---|---|---|
| 001 | r004419 | ||
| 005 | 20221125081015.3 | ||
| 041 | 0 | |a cze | |
| 044 | |a [CS] | ||
| 245 | 1 | 0 | |a Mzda a trh práce. |c J. Wiesner |
| 520 | |a Faktory, ktoré pôsobia na mzdový vývoj v trhových podmienkach. Princíp samofinancovania ako prirodzený regulátor spotreby miezd v podnikoch. Predpoklady pre zvýšenie nákladových miezd. Zámer regulačných odvodov, ich pôsobenie v smere zabránenia neúmerného rastu mzdových prostriedkov. | ||
| 610 | 2 | 0 | |a mzdy |
| 610 | 2 | 0 | |a trh práce |
| 610 | 2 | 0 | |a hospodárstvo trhové |
| 610 | 2 | 0 | |a samofinancovanie |
| 610 | 2 | 0 | |a odvody z prírastku miezd |
| 610 | 2 | 0 | |a prostriedky mzdové |
| 610 | 2 | 0 | |a náklady |
| 100 | 1 | |a Wiesner, J. | |